000 00773nam a2200217Ii 4500
003 JO-AjNU
008 230605s9999||||xx |||||||||||||| ||und||
017 _a2005/81
040 _aJO-AjNU
_bara
_erda
_cJO-AjNU
041 _aara
050 1 4 _aKMX379 2005
100 3 _aالمعمري، محمد سعيد احمد,
_eauthor
_947816
245 0 0 _aشرح قانون العقوبات اليمني: القسم العام
250 _aط1
264 3 1 _aصنعاء: نايس للخدمات الاعلامية، 2005
300 _a200ص
_bيحتوي على ببلوغرافيا من ص 199-ص200
336 _atext
_btxt
_2rdacontent
337 _aunmediated
_bn
_2rdamedia
338 _avolume
_bnc
_2rdacarrier
650 4 _aقانون العقوبات - اليمن
_947817
999 _aA20900
_c24468
_d24468